[Event "SR 4. liga A21 2017/2018"]
[Site "?"]
[Date "2017.10.29"]
[Round "3.3"]
[White "Slezak, Rudolf"]
[Black "Fajtakova, Silvia"]
[Result "1-0"]
[WhiteElo "1661"]
[BlackElo "1229"]
[PlyCount "63"]
[EventDate "2017.??.??"]

1. c4 e5 2. Nc3 Nc6 3. g3 Bc5 4. Bg2 Nge7 5. e3 O-O 6. Nge2 d6 7. O-O Bg4 8. a3
a6 9. b4 Bb6 10. Bb2 Qd7 11. Nd5 Nxd5 12. cxd5 Ne7 13. d3 Bh3 14. e4 Bxg2 15.
Kxg2 f5 16. f4 fxe4 17. dxe4 exf4 18. Nxf4 Ng6 19. Ne6 Rfe8 20. Bd4 Nf8 21. Ng5
h6 22. Rf7 Qxf7 23. Nxf7 Kxf7 24. Qf3+ Kg8 25. Bxb6 cxb6 26. Rf1 Re7 27. Qf5
Rc7 28. e5 dxe5 29. Qxe5 Rf7 30. d6 Rd8 31. Rxf7 Kxf7 32. Qe7+ 1-0

[Event "SR 4. liga A21 2017/2018"]
[Site "?"]
[Date "2017.10.29"]
[Round "3.3"]
[White "Tomasovic, Pavol"]
[Black "Pinkas, Jan"]
[Result "1/2-1/2"]
[WhiteElo "1293"]
[BlackElo "1577"]
[PlyCount "79"]
[EventDate "2017.??.??"]

1. e4 e5 2. Nf3 d6 3. Bc4 Bg4 4. d3 Bxf3 5. Qxf3 Qf6 6. Nd2 Qxf3 7. Nxf3 h6 8.
Bd2 Nd7 9. O-O Be7 10. a3 Ngf6 11. b4 c6 12. Rfe1 Nb6 13. Bb3 Nh7 14. c3 O-O
15. d4 Nd7 16. dxe5 dxe5 17. c4 f6 18. c5+ Kh8 19. Rad1 Rfd8 20. Bc3 Ndf8 21.
Rxd8 Rxd8 22. Rd1 Ng5 23. Nxg5 hxg5 24. Rxd8 Bxd8 25. g3 b6 26. cxb6 axb6 27.
Kf1 Be7 28. Ke2 c5 29. bxc5 Bxc5 30. Bb4 Ne6 31. Bxc5 Nxc5 32. Bd5 g6 33. f3 f5
34. Kd2 Kg7 35. Kc3 g4 36. exf5 gxf3 37. Bxf3 e4 38. Be2 gxf5 39. Kd4 Kf6 40.
Kd5 1/2-1/2

[Event "SR 4. liga A21 2017/2018"]
[Site "?"]
[Date "2017.10.29"]
[Round "3.4"]
[White "Moravec, Milan"]
[Black "Kubis, Ivan"]
[Result "0-1"]
[WhiteElo "1672"]
[BlackElo "1897"]
[PlyCount "72"]
[EventDate "2017.??.??"]

1. d4 Nf6 2. c4 e6 3. Nc3 Bb4 4. e3 O-O 5. Bd3 b6 6. Nf3 Bb7 7. O-O d5 8. cxd5
exd5 9. Bd2 Nbd7 10. Rc1 c5 11. a3 Ba5 12. Nb1 Bxd2 13. Nbxd2 c4 14. Bf5 b5 15.
Qc2 Re8 16. Ng5 g6 17. Bxd7 Qxd7 18. Ngf3 a5 19. Ne5 Qd6 20. f4 b4 21. axb4
axb4 22. Ra1 Nd7 23. Ndf3 b3 24. Qc3 Nb6 25. Rfb1 f6 26. Ng4 h5 27. Nf2 Na4 28.
Qd2 Qe7 29. Nd1 Bc6 30. Kf2 g5 31. fxg5 fxg5 32. Ne5 Rf8+ 33. Kg1 Qf6 34. Nc3
Nxc3 35. Qxc3 Qf2+ 36. Kh1 Rxa1 0-1

[Event "SR 4. liga A21 2017/2018"]
[Site "?"]
[Date "2017.10.29"]
[Round "3.4"]
[White "Zajicek, Ferdinand"]
[Black "Cerovsky, Marian"]
[Result "0-1"]
[WhiteElo "1806"]
[BlackElo "1796"]
[PlyCount "108"]
[EventDate "2017.??.??"]

1. e4 e5 2. Nf3 Nc6 3. Nc3 a6 4. b3 Bc5 5. Be2 Nf6 6. O-O d6 7. Bb2 O-O 8. d3
Ne7 9. Qd2 b5 10. a3 Ng6 11. b4 Bb6 12. h3 Nf4 13. Kh2 h6 14. Rad1 N6h5 15. d4
Nxe2 16. Qxe2 Nf4 17. Qd2 exd4 18. Qxf4 dxc3 19. Bxc3 Bb7 20. Qg4 f6 21. Nh4
Bc8 22. Nf5 Bxf5 23. Qxf5 Qc8 24. Qg6 Qe6 25. Qg4 Qf7 26. Rd5 Rae8 27. f3 Qe6
28. Rf5 Qc4 29. Bxf6 Rxf6 30. Rxf6 Qxf1 31. Qg6 Bg1+ 32. Kg3 Qf2+ 33. Kf4 Bh2+
34. g3 Bxg3+ 35. Kg4 Re7 36. Re6 Bh4 37. Rxe7 Qg3+ 38. Kf5 Qxg6+ 39. Kxg6 Bxe7
40. Kf5 Bf6 41. Ke6 Bb2 42. Kd7 Bxa3 43. Kxc7 Bxb4 44. Kb6 a5 45. Kxb5 Kf7 46.
c4 g5 47. e5 dxe5 48. c5 Bxc5 49. Kxc5 Ke6 50. Kb5 Kf5 51. Kxa5 Kf4 52. Kb4
Kxf3 53. Kc3 e4 54. Kd2 Kf2 0-1

[Event "SR 4. liga A21 2017/2018"]
[Site "?"]
[Date "2017.10.29"]
[Round "3.4"]
[White "Dubecky, Ladislav"]
[Black "Kanka, Tomas"]
[Result "1/2-1/2"]
[WhiteElo "1619"]
[BlackElo "1711"]
[PlyCount "49"]
[EventDate "2017.??.??"]

1. e4 e5 2. f4 exf4 3. Nf3 g5 4. Bc4 g4 5. Bxf7+ Kxf7 6. Ne5+ Ke8 7. Qxg4 Nf6
8. Qxf4 d6 9. Nf3 Be6 10. d4 Nbd7 11. Ng5 Qe7 12. d5 Bxd5 13. Nc3 Bc4 14. b3
Ba6 15. Kf2 Bh6 16. Re1 Rg8 17. h4 Nh5 18. Qg4 Qf6+ 19. Kg1 Ng7 20. Nd5 Qxa1
21. Nxc7+ Ke7 22. Nd5+ Ke8 23. Nc7+ Ke7 24. Nd5+ Ke8 25. Nc7+ 1/2-1/2

[Event "SR 4. liga A21 2017/2018"]
[Site "?"]
[Date "2017.10.29"]
[Round "3.4"]
[White "Kastler, Peter"]
[Black "Pisecky, Jan"]
[Result "1-0"]
[WhiteElo "1750"]
[BlackElo "1335"]
[PlyCount "113"]
[EventDate "2017.??.??"]

1. d4 d5 2. c4 e6 3. Nc3 Bb4 4. e3 Nf6 5. Bd2 Bxc3 6. Bxc3 Ne4 7. Rc1 Qf6 8.
Nf3 Nd7 9. Be2 h5 10. O-O g5 11. Nd2 g4 12. f3 Nxc3 13. Rxc3 Qg5 14. fxg4 hxg4
15. g3 Nf6 16. Rf2 c6 17. Qf1 Rh6 18. Qc1 Bd7 19. Bd3 O-O-O 20. e4 Rdh8 21. e5
Nh5 22. Nf1 f5 23. exf6 Nxf6 24. Rcc2 Ne8 25. Rce2 Nd6 26. cxd5 Qxd5 27. Qc3
Nf5 28. Bxf5 exf5 29. Ne3 Qxa2 30. b3 Qb1+ 31. Re1 Qe4 32. Nxf5 Qxf5 33. Rxf5
Rxh2 34. Rf8+ Rxf8 35. Kxh2 Rf3 36. Re3 Rf1 37. Kg2 Rf5 38. Qe1 b6 39. b4 c5
40. Re5 Bc6+ 41. d5 Bxd5+ 42. Rxd5 Rxd5 43. Qe6+ Rd7 44. bxc5 bxc5 45. Qxg4 a6
46. Qc4 Kb7 47. Qxc5 Rc7 48. Qa5 Rc6 49. g4 Rb6 50. Kg3 Rb5 51. Qa4 Kb6 52. Kh4
a5 53. Qd4+ Rc5 54. g5 Kb5 55. Qxc5+ Kxc5 56. g6 a4 57. g7 1-0

[Event "SR 4. liga A21 2017/2018"]
[Site "?"]
[Date "2017.10.29"]
[Round "3.4"]
[White "Sprusansky, Ferdinand"]
[Black "Ralbovsky, Milan"]
[Result "0-1"]
[WhiteElo "1373"]
[BlackElo "1500"]
[PlyCount "66"]
[EventDate "2017.??.??"]

1. e4 e5 2. Nf3 d6 3. Nc3 Be6 4. d4 exd4 5. Nxd4 Qe7 6. Bb5+ c6 7. Ba4 b5 8.
Bb3 Bxb3 9. axb3 b4 10. Nce2 Qxe4 11. O-O g6 12. Re1 Qh4 13. Nf4+ Be7 14. Nf3
Qf6 15. c4 bxc3 16. bxc3 Qxc3 17. Ba3 d5 18. Rc1 Qf6 19. Nxd5 cxd5 20. Qxd5 Nc6
21. Rxc6 Rd8 22. Qb5 Qf5 23. Rc7+ Qxb5 24. Rcxe7+ Nxe7 25. Rxe7+ Kf8 26. Rb7+
Kg8 27. Re7 Rd1+ 28. Ne1 Qxb3 29. Re8+ Kg7 30. Bf8+ Rxf8 31. Re3 Qxe3 32. fxe3
Rxe1+ 33. Kf2 Ra1 0-1

[Event "SR 4. liga A21 2017/2018"]
[Site "?"]
[Date "2017.10.29"]
[Round "3.5"]
[White "Zlamal, Marek"]
[Black "Skapikova, Lubica"]
[Result "0-1"]
[WhiteElo "1816"]
[BlackElo "1875"]
[PlyCount "68"]
[EventDate "2017.??.??"]

1. d4 f5 2. e3 Nf6 3. Bd3 e6 4. Bd2 Be7 5. Nc3 b6 6. Nf3 Nc6 7. a3 O-O 8. O-O
a5 9. e4 fxe4 10. Nxe4 Bb7 11. Qe2 Na7 12. Nfg5 Nxe4 13. Nxe4 Bf6 14. Nxf6+
Qxf6 15. Qh5 g6 16. Qg4 Nc8 17. Bg5 Qf7 18. Rae1 Nd6 19. c4 Nf5 20. Qf4 d6 21.
g4 Ng7 22. Qe3 Qf3 23. Be4 Qxg4+ 24. Kh1 Bxe4+ 25. Qxe4 Qxg5 26. Qc6 Qf4 27.
Qxc7 Qxd4 28. Rd1 Qe4+ 29. Kg1 Qg4+ 30. Kh1 Rxf2 31. Qc6 Raf8 32. Rg1 Rxh2+ 33.
Kxh2 Qh4+ 34. Kg2 Rf2# 0-1

[Event "SR 4. liga A21 2017/2018"]
[Site "?"]
[Date "2017.10.29"]
[Round "3.5"]
[White "Skapik, Branislav"]
[Black "Vach, Jozef"]
[Result "1/2-1/2"]
[WhiteElo "1817"]
[BlackElo "1672"]
[PlyCount "78"]
[EventDate "2017.??.??"]

1. e4 e5 2. Nf3 Nc6 3. Bb5 a6 4. Ba4 Nf6 5. O-O d6 6. Re1 b5 7. Bb3 Na5 8. d4
Nxb3 9. axb3 Bg4 10. dxe5 Bxf3 11. Qxf3 dxe5 12. Nc3 Be7 13. Rd1 Qc8 14. Nd5
Nxd5 15. Rxd5 Bf6 16. Be3 c6 17. Rd3 O-O 18. Bc5 Re8 19. Rad1 Rd8 20. b4 Rxd3
21. Rxd3 Qe8 22. Qd1 Rd8 23. g3 Rxd3 24. Qxd3 Qd8 25. Qd6 Qxd6 26. Bxd6 g6 27.
c3 Bg7 28. g4 f6 29. Kf1 Kf7 30. Ke2 Ke6 31. Bc7 Bf8 32. Bb6 Be7 33. f3 f5 34.
Be3 Bd8 35. Kd3 a5 36. bxa5 Bxa5 37. c4 fxg4 38. fxg4 Kd6 39. Bh6 Ke6 1/2-1/2

[Event "SR 4. liga A21 2017/2018"]
[Site "?"]
[Date "2017.10.29"]
[Round "3.5"]
[White "Kovarik, Otto"]
[Black "Sadlon, Matus"]
[Result "1-0"]
[WhiteElo "1755"]
[BlackElo "1696"]
[PlyCount "77"]
[EventDate "2017.??.??"]

1. e4 e5 2. Nf3 Nc6 3. d4 exd4 4. Nxd4 d5 5. Nxc6 bxc6 6. Nc3 Bb4 7. exd5 Nf6
8. Bd2 O-O 9. Be2 cxd5 10. O-O Bb7 11. a3 Be7 12. Bf3 Re8 13. Re1 Rb8 14. Be3
c5 15. Bc1 Bc6 16. b3 Qd7 17. Bb2 d4 18. Bxc6 Qxc6 19. Na4 Bd6 20. Qd3 Ng4 21.
h3 Nf6 22. Rad1 Nh5 23. Bc1 Bf4 24. Qf5 Bxc1 25. Rxc1 Nf6 26. Qxc5 Qxc5 27.
Nxc5 Rec8 28. b4 a5 29. Nd3 Rc3 30. Rb1 Rxa3 31. bxa5 Ra8 32. Re5 Kf8 33. Rbb5
Rc3 34. Rb7 Re8 35. Rxe8+ Kxe8 36. a6 Nd7 37. a7 Rc8 38. Nb4 Ra8 39. Nc6 1-0

[Event "SR 4. liga A21 2017/2018"]
[Site "?"]
[Date "2017.10.29"]
[Round "3.5"]
[White "Brath, Zdeno"]
[Black "Stasek, Daniel"]
[Result "1/2-1/2"]
[WhiteElo "1533"]
[BlackElo "1614"]
[PlyCount "43"]
[EventDate "2017.??.??"]

1. b4 e5 2. Bb2 Nf6 3. Bxe5 Nc6 4. Bb2 Bxb4 5. e3 d5 6. Nf3 O-O 7. c3 Bd6 8.
Be2 h6 9. h3 Ne5 10. d4 Ned7 11. O-O Re8 12. Nbd2 c6 13. c4 Bc7 14. c5 b6 15.
Nb3 bxc5 16. dxc5 Qe7 17. Rc1 Ne4 18. Qd4 Ne5 19. Nxe5 Bxe5 20. Qxe5 Qxe5 21.
Bxe5 Rxe5 22. Bd3 1/2-1/2

[Event "SR 4. liga A21 2017/2018"]
[Site "?"]
[Date "2017.10.29"]
[Round "3.5"]
[White "Stehlik, Jan"]
[Black "Dest, Stanislav"]
[Result "1/2-1/2"]
[WhiteElo "1607"]
[BlackElo "1419"]
[PlyCount "39"]
[EventDate "2017.??.??"]

1. e4 e5 2. Nf3 Nc6 3. Bc4 Be7 4. c3 Nf6 5. d3 d6 6. Nbd2 Bd7 7. Bb3 Na5 8. Bc2
c5 9. a3 b5 10. b4 cxb4 11. cxb4 Nc6 12. Bb2 O-O 13. Nf1 Qb6 14. Ng3 Bg4 15. h3
Bxf3 16. Qxf3 Nd4 17. Bxd4 Qxd4 18. O-O g6 19. Rfc1 Rac8 20. Qe3 1/2-1/2

[Event "SR 4. liga A21 2017/2018"]
[Site "?"]
[Date "2017.10.29"]
[Round "3.6"]
[White "Vagovic, Milan"]
[Black "Vojtkova, Linda"]
[Result "1-0"]
[WhiteElo "1651"]
[BlackElo "1463"]
[PlyCount "103"]
[EventDate "2017.??.??"]

1. d4 Nf6 2. c4 g6 3. Nf3 Bg7 4. Nc3 O-O 5. e4 d6 6. Bd3 Nbd7 7. O-O e5 8. d5
a5 9. a4 Nc5 10. Bc2 Nh5 11. h3 Nf4 12. Be3 f5 13. Kh2 Nh5 14. Bg5 Bf6 15. Bh6
Rf7 16. exf5 Bxf5 17. Bxf5 gxf5 18. Nd2 Ng7 19. Nb3 b6 20. Nxc5 bxc5 21. Rb1
Bg5 22. Bxg7 Rxg7 23. g3 Qe8 24. Nb5 Qd7 25. f4 exf4 26. gxf4 Bf6 27. Rg1 Ra6
28. Qe2 Kh8 29. Rxg7 Kxg7 30. Rg1+ Kf8 31. b3 c6 32. dxc6 Rxc6 33. Rd1 Be7 34.
Rd5 Kg7 35. Qh5 Qe6 36. Rxf5 Bf6 37. Qg4+ Kf7 38. Rh5 Qxg4 39. hxg4 Kg7 40. Rd5
Be7 41. Kg3 h6 42. Kf3 Kf6 43. Ke4 Rb6 44. Rh5 Bf8 45. Kd5 Ra6 46. Rf5+ Ke7 47.
g5 hxg5 48. fxg5 Bg7 49. g6 Bf6 50. Rh5 Bg7 51. Rf5 Bf6 52. Rf3 1-0

[Event "SR 4. liga A21 2017/2018"]
[Site "?"]
[Date "2017.10.29"]
[Round "3.6"]
[White "Skreko, Igor"]
[Black "Piestansky, Jan"]
[Result "1-0"]
[WhiteElo "1498"]
[BlackElo "1651"]
[PlyCount "75"]
[EventDate "2017.??.??"]

1. d4 d5 2. c4 c6 3. cxd5 Qxd5 4. Nc3 Qd8 5. Nf3 Bf5 6. e4 Bg6 7. Bd3 e6 8. Be3
Be7 9. O-O Nf6 10. Ne5 O-O 11. Nxg6 fxg6 12. Qb3 Qd7 13. Bc4 Kf7 14. h3 b5 15.
Bd3 Ke8 16. Rad1 a5 17. d5 exd5 18. exd5 Nxd5 19. Nxd5 Qxd5 20. Bxg6+ hxg6 21.
Rxd5 cxd5 22. Qxb5+ Nd7 23. Qxd5 Rb8 24. Bd4 Rf7 25. Re1 Nf6 26. Qxa5 Kf8 27.
Bc5 Re8 28. Qb5 Bxc5 29. Rxe8+ Nxe8 30. Qxc5+ Kg8 31. a4 Kh7 32. b4 Nf6 33. f3
Rd7 34. a5 Rd1+ 35. Kh2 Rd2 36. a6 Nd7 37. Qc7 Rd5 38. a7 1-0

[Event "SR 4. liga A21 2017/2018"]
[Site "?"]
[Date "2017.10.29"]
[Round "3.6"]
[White "Pripko, Bystrik"]
[Black "Longauer, Jan"]
[Result "0-1"]
[WhiteElo "1640"]
[BlackElo "1546"]
[PlyCount "96"]
[EventDate "2017.??.??"]

1. e4 e6 2. Nf3 d5 3. exd5 exd5 4. d4 Bd6 5. Bd3 Nf6 6. O-O O-O 7. h3 Nc6 8. a3
Re8 9. c3 Ne4 10. Nbd2 Bf5 11. Bc2 Qf6 12. Kh1 Re7 13. Nh2 Rae8 14. Nxe4 Bxe4
15. Bxe4 Rxe4 16. Be3 Na5 17. b3 Qh4 18. Nf3 Qe7 19. a4 h6 20. Nd2 Re6 21. b4
Nc4 22. Nxc4 dxc4 23. Qe2 Bf4 24. Rfe1 Bxe3 25. fxe3 Rxe3 26. Qxe3 Qxe3 27.
Rxe3 Rxe3 28. Rc1 f5 29. Kg1 Kf7 30. Kf2 Rd3 31. Rc2 g5 32. g3 f4 33. gxf4 gxf4
34. Kg2 Kf6 35. Rc1 Kg5 36. a5 Kh4 37. Rf1 Rg3+ 38. Kf2 Rxh3 39. b5 Rxc3 40. b6
axb6 41. axb6 cxb6 42. Rd1 Rd3 43. Rb1 Rxd4 44. Rxb6 c3 45. Rxh6+ Kg5 46. Rh1
c2 47. Rg1+ Kf5 48. Rc1 Rc4 0-1

[Event "SR 4. liga A21 2017/2018"]
[Site "?"]
[Date "2017.10.29"]
[Round "3.6"]
[White "Vojtko, Patrik"]
[Black "Kupkovic, Miroslav"]
[Result "0-1"]
[WhiteElo "1100"]
[BlackElo "1731"]
[PlyCount "46"]
[EventDate "2017.??.??"]

1. d4 Nf6 2. Bf4 e6 3. Nf3 b6 4. e3 h6 5. h3 Bb7 6. Nbd2 d5 7. c3 Bd6 8. Be5
Bxe5 9. Nxe5 O-O 10. Bd3 c5 11. b3 Nbd7 12. Ndf3 Rc8 13. O-O Rc7 14. Qe2 Re8
15. Rac1 Qa8 16. c4 Ne4 17. Nd2 Nxd2 18. Qxd2 dxc4 19. Bxc4 Bxg2 20. Rfe1 Bxh3
21. Bf1 Bxf1 22. Kxf1 Qh1+ 23. Ke2 Qh2 0-1

[Event "SR 4. liga A21 2017/2018"]
[Site "?"]
[Date "2017.10.29"]
[Round "3.6"]
[White "Kuracina, Lubomir"]
[Black "Skreko, Igor ml"]
[Result "0-1"]
[WhiteElo "1525"]
[BlackElo "1180"]
[PlyCount "180"]
[EventDate "2017.??.??"]

1. e4 c5 2. f4 d6 3. h3 Nc6 4. Nf3 g6 5. Bb5 Bd7 6. O-O Bg7 7. d3 a6 8. Bxc6
Bxc6 9. c4 e5 10. fxe5 dxe5 11. Nc3 Ne7 12. Be3 Qd6 13. Qe2 O-O 14. Rad1 b6 15.
Rd2 Rfd8 16. Rfd1 Rd7 17. b3 Rad8 18. Qf2 Qc7 19. Ng5 Nc8 20. Qh4 h6 21. Nf3 h5
22. Bg5 Re8 23. Bf6 Bxf6 24. Qxf6 Re6 25. Qg5 Qd8 26. Kf2 Qxg5 27. Nxg5 Rf6+
28. Ke3 Rfd6 29. Ne2 f6 30. Nf3 Kg7 31. g4 hxg4 32. hxg4 Rd8 33. Rh1 Rh8 34.
Rxh8 Kxh8 35. Ng3 Rd7 36. Rh2+ Rh7 37. Rxh7+ Kxh7 38. g5 Kg7 39. a4 Ne7 40. Nh1
Bd7 41. Nf2 Nc6 42. Kd2 Nd4 43. Nxd4 cxd4 44. gxf6+ Kxf6 45. Ke2 Kg5 46. Kf3
Kh4 47. Kg2 Bg4 48. b4 Bd7 49. b5 a5 50. Kf3 g5 51. Kg2 g4 52. Nh1 Bc8 53. Ng3
Kg5 54. Ne2 Kh4 55. Ng3 Kg5 56. Kf2 Kf4 57. Ne2+ Kg5 58. Kg3 Bd7 59. Nc1 Kf6
60. Kh4 Ke7 61. Ne2 Kd6 62. Ng3 Kc5 63. Nf5 Kb4 64. Kxg4 Kxa4 65. Kg5 Kb4 66.
Kf6 a4 67. Kxe5 a3 68. Nxd4 a2 69. Nc2+ Kc3 70. Na1 Kb2 71. Kd6 Kxa1 72. Kxd7
Kb2 73. Kc6 a1=Q 74. Kxb6 Qd1 75. c5 Qxd3 76. c6 Qd4+ 77. Kc7 Qa7+ 78. Kd6 Qb8+
79. c7 Qc8 80. b6 Kc3 81. Kc5 Kb3 82. e5 Ka4 83. e6 Ka5 84. e7 Ka6 85. Kc6 Qe6+
86. Kc5 Kb7 87. c8=Q+ Kxc8 88. Kb5 Qxe7 89. Ka6 Qb7+ 90. Kb5 Kd7 0-1

[Event "SR 4. liga A21 2017/2018"]
[Site "?"]
[Date "2017.11.12"]
[Round "4.1"]
[White "Kramar, Matus"]
[Black "Vogl, Zdenek"]
[Result "0-1"]
[WhiteElo "1544"]
[BlackElo "1945"]
[PlyCount "82"]
[EventDate "2017.??.??"]

1. e4 e5 2. Nf3 Nc6 3. Bc4 Be7 4. O-O Nf6 5. Re1 d6 6. h3 O-O 7. c3 Na5 8. Bd3
Nh5 9. Bc2 Nf4 10. Kh2 Qd7 11. Ng1 Qe6 12. Qf3 c5 13. b4 cxb4 14. cxb4 Nc6 15.
Bb3 Qg6 16. g3 Nd4 17. Qe3 Bg5 18. h4 Bh6 19. f3 Nfe2 20. Qf2 Nxg3 21. Nh3 Bxh3
22. Kxh3 Bf4 23. Nc3 Nxb3 24. axb3 Qe6+ 25. Kg2 Nh5 26. Ne2 Qxb3 27. Rxa7 Qxb4
28. Ba3 Qxd2 29. Rxa8 Rxa8 30. Bc1 Qc2 31. Kf1 Ra2 32. Bxf4 Nxf4 33. Rc1 Qxc1+
34. Nxc1 Rxf2+ 35. Kxf2 g6 36. Nb3 b6 37. Nd2 b5 38. Nb3 f5 39. Nd2 Kf7 40. Nb1
b4 41. Nd2 Ke6 0-1

[Event "SR 4. liga A21 2017/2018"]
[Site "?"]
[Date "2017.11.12"]
[Round "4.1"]
[White "Hrubsa, Marian"]
[Black "Skreko, Igor"]
[Result "1-0"]
[WhiteElo "1924"]
[BlackElo "1519"]
[PlyCount "30"]
[EventDate "2017.??.??"]

1. e4 c5 2. Nf3 d6 3. d4 cxd4 4. Nxd4 Nf6 5. Nc3 g6 6. Be2 Bg7 7. Be3 Nc6 8.
O-O O-O 9. h3 Bd7 10. Qd2 Nxd4 11. Bxd4 Bc6 12. Bd3 a6 13. Rad1 d5 14. Qe3 dxe4
15. Bxe4 Qe8 1-0

[Event "SR 4. liga A21 2017/2018"]
[Site "?"]
[Date "2017.11.12"]
[Round "4.1"]
[White "Longauer, Jan"]
[Black "Vepy, Ivan"]
[Result "0-1"]
[WhiteElo "1546"]
[BlackElo "1844"]
[PlyCount "108"]
[EventDate "2017.??.??"]

1. e4 e5 2. Nf3 Nc6 3. d4 exd4 4. Bc4 Be7 5. c3 d6 6. cxd4 Nf6 7. Nc3 O-O 8.
Qb3 Na5 9. Qa4 Nxc4 10. Qxc4 a6 11. Qd3 c6 12. O-O h6 13. Re1 Bg4 14. h3 Bxf3
15. Qxf3 Nh7 16. e5 dxe5 17. dxe5 Qa5 18. Qg3 Kh8 19. Bd2 Rad8 20. Rad1 Rg8 21.
a3 Nf8 22. Ne4 Qa4 23. Nd6 Bxd6 24. exd6 Ne6 25. Bc3 Rd7 26. Rd2 Qf4 27. Qxf4
Nxf4 28. Re7 Rxe7 29. dxe7 Nd5 30. f3 Re8 31. Bb4 Kh7 32. Re2 Nxb4 33. axb4 Kg6
34. Kf2 Kf6 35. Re4 Rxe7 36. Rf4+ Ke5 37. Re4+ Kd6 38. Rd4+ Kc7 39. Rf4 g6 40.
Rh4 h5 41. Rf4 Kb6 42. g4 hxg4 43. hxg4 Kb5 44. b3 a5 45. bxa5 Kxa5 46. Ra4+
Kb5 47. Rf4 c5 48. Rc4 b6 49. Rf4 Re6 50. Ra4 Kc6 51. Rf4 f6 52. Ra4 Kd5 53.
Ra6 Kd4 54. Ra8 Kc3 0-1

[Event "SR 4. liga A21 2017/2018"]
[Site "?"]
[Date "2017.11.12"]
[Round "4.1"]
[White "Planka, Peter"]
[Black "Skreko, Igor ml"]
[Result "1-0"]
[WhiteElo "1806"]
[BlackElo "1180"]
[PlyCount "129"]
[EventDate "2017.??.??"]

1. e4 c5 2. Nf3 d6 3. d4 cxd4 4. Nxd4 Nf6 5. Nc3 g6 6. Be2 Bg7 7. Be3 Nc6 8.
O-O O-O 9. Qd2 Bd7 10. f3 a6 11. Kh1 Rc8 12. Nxc6 Rxc6 13. Bh6 Qc7 14. Bxg7
Kxg7 15. Bd3 Rc8 16. Rfe1 Rc5 17. Nd5 Nxd5 18. exd5 e6 19. dxe6 Bxe6 20. c3 Rh5
21. Qf2 d5 22. g4 Rh3 23. Bf1 Rh6 24. Qd4+ Kg8 25. Qe5 Qxe5 26. Rxe5 Re8 27.
Rae1 Kg7 28. Kg2 Kf8 29. Kg3 Bd7 30. f4 f6 31. Rxe8+ Bxe8 32. g5 fxg5 33. fxg5
Rh5 34. h4 Bb5 35. Bg2 h6 36. Bf3 hxg5 37. Bxh5 gxh4+ 38. Kxh4 gxh5 39. Kxh5
Kf7 40. Kg5 Bc6 41. Kf5 a5 42. Ke5 Ke7 43. Kd4+ Kd6 44. Rh1 Ke6 45. Kc5 a4 46.
Rh6+ Kd7 47. Rh7+ Ke6 48. a3 Ke5 49. Re7+ Kf6 50. Rc7 Ke5 51. Rxc6 bxc6 52.
Kxc6 Ke4 53. Kb5 Kd3 54. Kxa4 Kc2 55. Kb4 Kxb2 56. a4 Kc2 57. a5 Kd3 58. a6 Ke4
59. a7 Ke5 60. a8=Q Ke4 61. Kc5 Kd3 62. Qxd5+ Kc2 63. Kc4 Kb2 64. Qd2+ Ka3 65.
Qf2 1-0

[Event "SR 4. liga A21 2017/2018"]
[Site "?"]
[Date "2017.11.12"]
[Round "4.2"]
[White "Skapikova, Lubica"]
[Black "Slaba, Andrea"]
[Result "0-1"]
[WhiteElo "1908"]
[BlackElo "1845"]
[PlyCount "23"]
[EventDate "2017.??.??"]

1. e4 e6 2. d4 d5 3. Nd2 Nc6 4. c3 e5 5. exd5 Qxd5 6. dxe5 Qxe5+ 7. Qe2 Qxe2+
8. Bxe2 Nf6 9. Ngf3 a6 10. O-O Bf5 11. Nc4 O-O-O 12. Be3 {necitatelny zapis}
0-1

[Event "SR 4. liga A21 2017/2018"]
[Site "?"]
[Date "2017.11.12"]
[Round "4.2"]
[White "Slaby, Jozef"]
[Black "Skapik, Branislav"]
[Result "1/2-1/2"]
[WhiteElo "1730"]
[BlackElo "1815"]
[PlyCount "52"]
[EventDate "2017.??.??"]

1. d4 Nf6 2. Nf3 g6 3. c4 Bg7 4. Nc3 O-O 5. e4 d6 6. g3 c5 7. d5 Bg4 8. h3 Bd7
9. Bg2 a6 10. a4 e6 11. O-O exd5 12. exd5 Re8 13. Be3 Bf5 14. Qd2 Ne4 15. Nxe4
Bxe4 16. Bf4 Qf6 17. Rfe1 Nd7 18. Ra2 Bxf3 19. Rxe8+ Rxe8 20. Bxf3 g5 21. Bg4
gxf4 22. Bxd7 Re7 23. Bg4 fxg3 24. fxg3 Qd4+ 25. Qxd4 cxd4 26. Kf1 b6 1/2-1/2

[Event "SR 4. liga A21 2017/2018"]
[Site "?"]
[Date "2017.11.12"]
[Round "4.2"]
[White "Pericka, Pavol"]
[Black "Piestansky, Jan"]
[Result "1/2-1/2"]
[WhiteElo "1777"]
[BlackElo "1644"]
[PlyCount "63"]
[EventDate "2017.??.??"]

1. e4 e5 2. Bc4 d6 3. Nf3 h6 4. Nc3 Nf6 5. h3 Be7 6. O-O O-O 7. d3 Nc6 8. a3 a6
9. Nh2 b5 10. Ba2 Be6 11. f4 Bxa2 12. Nxa2 exf4 13. Bxf4 Nh7 14. Nc3 Bg5 15.
Nd5 Bxf4 16. Nxf4 Ne5 17. b3 Qd7 18. d4 Ng6 19. Ng4 Nxf4 20. Rxf4 Qc6 21. Qd3
Rae8 22. Raf1 h5 23. Nf2 g6 24. g4 g5 25. Rf5 h4 26. Re1 f6 27. Nd1 Kg7 28. Nc3
Qd7 29. Nd5 c6 30. Ne3 Re7 31. Rf2 Re6 32. Nf5+ 1/2-1/2

[Event "SR 4. liga A21 2017/2018"]
[Site "?"]
[Date "2017.11.12"]
[Round "4.2"]
[White "Dest, Stanislav"]
[Black "Kuracina, Lubomir"]
[Result "1-0"]
[WhiteElo "1439"]
[BlackElo "1530"]
[PlyCount "57"]
[EventDate "2017.??.??"]

1. d4 d5 2. c4 c6 3. Nc3 dxc4 4. e4 b5 5. a4 Ba6 6. Nf3 b4 7. Na2 Qa5 8. Bd2 e6
9. Be2 c5 10. O-O Nf6 11. e5 Nd5 12. Re1 Nc6 13. dxc5 Bxc5 14. Bg5 Qb6 15. Bh4
Na5 16. Nc1 b3 17. Rf1 O-O 18. Qd2 h6 19. g4 Rac8 20. g5 Ne3 21. gxh6 g6 22.
h7+ Kxh7 23. Ng5+ Kg7 24. Ne4 Nxf1 25. Bf6+ Kh7 26. Bxf1 Bb7 27. Nxc5 Qxc5 28.
Qf4 Rh8 29. Qh4+ 1-0

[Event "SR 4. liga A21 2017/2018"]
[Site "?"]
[Date "2017.11.12"]
[Round "4.3"]
[White "Kubis, Ivan"]
[Black "Zlamal, Marek"]
[Result "1-0"]
[WhiteElo "1897"]
[BlackElo "1821"]
[PlyCount "95"]
[EventDate "2017.??.??"]

1. e4 d5 2. exd5 Qxd5 3. d4 Bf5 4. c4 Qd7 5. Nf3 e6 6. Ne5 Qd8 7. g4 Be4 8. f3
Qh4+ 9. Ke2 Bxb1 10. Rxb1 c6 11. Qb3 Qe7 12. a3 f6 13. Nd3 b6 14. Bg2 Qd7 15.
Be3 Bd6 16. Rbd1 Ne7 17. c5 Bc7 18. Nf4 Nd5 19. Nxd5 exd5 20. h4 O-O 21. Qd3
bxc5 22. dxc5 Re8 23. Kf2 Qe6 24. Rhe1 Nd7 25. Bd4 Be5 26. Kf1 Qf7 27. b4 Bxd4
28. Qxd4 a6 29. f4 Qg6 30. Bxd5+ cxd5 31. Qxd5+ Kh8 32. Qxd7 h6 33. h5 Rxe1+
34. Rxe1 Qc2 35. Re8+ Kh7 36. Rxa8 Qc4+ 37. Kg1 Qc1+ 38. Kg2 Qc2+ 39. Kf3 Qb3+
40. Ke2 Qc2+ 41. Ke3 Qc1+ 42. Qd2 Qg1+ 43. Kf3 Qh1+ 44. Qg2 Qd1+ 45. Kg3 f5 46.
gxf5 a5 47. f6 Qxh5 48. Qe4+ 1-0

[Event "SR 4. liga A21 2017/2018"]
[Site "?"]
[Date "2017.11.12"]
[Round "4.3"]
[White "Vach, Jozef"]
[Black "Zajicek, Ferdinand"]
[Result "1/2-1/2"]
[WhiteElo "1682"]
[BlackElo "1775"]
[PlyCount "91"]
[EventDate "2017.??.??"]

1. e4 Nc6 2. d4 d5 3. e5 f6 4. exf6 Nxf6 5. Nf3 e6 6. Bb5 Bd7 7. O-O Be7 8. Re1
O-O 9. c3 a6 10. Bd3 Qe8 11. Nbd2 Qh5 12. Ne5 Qxd1 13. Rxd1 Nxe5 14. dxe5 Ng4
15. Nf3 Bc5 16. Rf1 Rf7 17. h3 Nh6 18. Bxh6 gxh6 19. Be2 Bb6 20. g3 Raf8 21.
Kg2 Bb5 22. Bxb5 Rxf3 23. Bd7 Rxf2+ 24. Rxf2 Rxf2+ 25. Kh1 Kf7 26. Rb1 c5 27.
Bc8 Bc7 28. Bxb7 a5 29. Ba6 Bxe5 30. Rf1 Bxg3 31. Kg1 Rxf1+ 32. Kxf1 e5 33. Ke2
Bf4 34. Bb7 Ke6 35. Bc8+ Kd6 36. Bf5 c4 37. Bxh7 Kc5 38. Bc2 Bc1 39. b3 d4 40.
cxd4+ exd4 41. bxc4 Kxc4 42. Bb3+ Kc3 43. Kd1 Be3 44. Bf7 Bg5 45. Be8 Kb2 46.
Bf7 1/2-1/2

[Event "SR 4. liga A21 2017/2018"]
[Site "?"]
[Date "2017.11.12"]
[Round "4.3"]
[White "Kanka, Tomas"]
[Black "Stehlik, Jan"]
[Result "1/2-1/2"]
[WhiteElo "1705"]
[BlackElo "1603"]
[PlyCount "48"]
[EventDate "2017.??.??"]

1. e4 e6 2. d4 d5 3. exd5 exd5 4. Bd3 Bd6 5. Nf3 Nf6 6. O-O O-O 7. c4 dxc4 8.
Bxc4 c6 9. a4 a5 10. Nc3 Re8 11. Ng5 Rf8 12. h3 h6 13. Nge4 Bb4 14. Be3 Re8 15.
Qf3 Bxc3 16. Nxf6+ Qxf6 17. Qxf6 gxf6 18. bxc3 Kg7 19. Rab1 Re7 20. Rfe1 Be6
21. Bd3 Rd7 22. Rb2 c5 23. Bb5 Nc6 24. Rd1 Rad8 1/2-1/2